Reproductive Toxicology and Infertility/ (Record no. 4224)
[ view plain ]
| 000 -LEADER | |
|---|---|
| fixed length control field | 00467nam a2200157Ia 4500 |
| 020 ## - INTERNATIONAL STANDARD BOOK NUMBER | |
| International Standard Book Number | 0071054383 |
| 082 ## - DEWEY DECIMAL CLASSIFICATION NUMBER | |
| Classification number | 616.692 |
| Author Mark | REP |
| 100 ## - MAIN ENTRY--PERSONAL NAME | |
| Author Name | Scialli, Anthony R. (ed) |
| 100 ## - MAIN ENTRY--PERSONAL NAME | |
| Author Name | Michael J. Zinaman |
| 245 #0 - TITLE STATEMENT | |
| Title | Reproductive Toxicology and Infertility/ |
| 250 ## - EDITION STATEMENT | |
| Edition statement | 1st |
| 260 ## - PUBLICATION, DISTRIBUTION, ETC. | |
| Place of publication, distribution, etc. | New York |
| Name of publisher, distributor, etc. | Mcgraw Hill |
| Date of publication, distribution, etc. | 1993 |
| 300 ## - PHYSICAL DESCRIPTION | |
| No of Pages | xii;338p, |
| illustrations | ill; |
| Dimensions | 20cm. |
| 650 ## - SUBJECT ADDED ENTRY--TOPICAL TERM | |
| Subject | Medicine |
| Keywords | The Bsis of Fertility |
| -- | Mechanisms of Reproductive Failure |
| -- | Imdc |
| 942 ## - ADDED ENTRY ELEMENTS (KOHA) | |
| Koha item type | Books |
| Source of classification or shelving scheme | |
| Item status | Home library | Current library | Shelving location | Date acquired | Total Checkouts | Full call number | Barcode | Date last seen | Koha item type |
|---|---|---|---|---|---|---|---|---|---|
| Islamabad Medical and Dental College | Islamabad Medical and Dental College | Islamabad Medical and Dental College | 16/03/2018 | 616.692 REP | 5712 | 16/03/2018 | Books |
